| 000 | 00616nam a22001937a 4500 | ||
|---|---|---|---|
| 999 |
_c177189 _d177189 |
||
| 005 | 20210215113246.0 | ||
| 010 | _aENG-129031 | ||
| 020 |
_c1495.00 _a9789388548120 |
||
| 035 | _aEN-112563 | ||
| 037 | _bDBAD/PUB | ||
| 082 | _a345.04 | ||
| 100 | _aGaur, K D | ||
| 245 |
_aCriminal Law :Cases and Materials / _cKD Gaur |
||
| 250 | _a9th Edition | ||
| 260 |
_bLexis Nexis _c2019 _aHaryana |
||
| 270 |
_a14th Floor ,Building No-10 , Tower -B, DLF Cyber City ,Phase-2 Gurgaon _bGurgaon , Haryana _e122002 |
||
| 300 |
_axlvii+975p. _b23cm(pbk) _cIncluding index. |
||
| 942 |
_2ddc _cEN _h345.04 _mGAU |
||